000 01655cam a2200265 4500
001 ABS67126
008 031028n2003 000 0 eng u
035 _a(Sirsi) u124073
100 _aTrevis, T.
245 _aAsbestos
_byour duty to manage it
260 _c2003
490 _aRICS Business
_vSeptember 2003, 15-16(2)
520 _aExamines the duty of property owners, occupiers and managers to identify and control asbestos-containing material buildings, with a duty to manage becoming part of health and safety legislation on 21 May 2004. Looks at the rising incidence of asbestosis-related diseases contracted during maintenance work and the recognition that all asbestos types are carcinogenic. Highlights the difficulty of identifying asbestos-containing material, especially where asbestos is combined with other material, and the appropriateness of an asbestos management plan rather than removal. Summarises who is a potential duty holder and the extent of the duty to manage. States that RICS is setting up a certification scheme with the Asbestos Removers Contractors Association to provide training for members wishing to become asbestos inspectors. Table covers a precautionary approach to maintenance.
590 _aABS
650 _aASBESTOS INSPECTORS
650 _aMANAGEMENT-HEALTH AND SAFETY-HAZARDOUS SUBSTANCES-ASBESTOS
650 _aCARCINOGENS
650 _aDUTY TO MANAGE
650 _aCONTROL OF ASBESTOS AT WORK REGULATIONS 2002
650 _aASBESTOS-CONTAINING MATERIALS
650 _aRefurbishment
_96264
650 _aSURCHILD V GLENHAVEN
690 _aBUILT ENVIRONMENT-BUILDING STANDARDS
942 _n0
999 _c73662
_d73662